| 000 | 00603 a2200181 4500 | ||
|---|---|---|---|
| 020 |
_a9780375766169 _c650.00 |
||
| 035 | _aB-211504 | ||
| 037 | _bRP-ZLS-2782 / UBH-07-08:6 / RP-07-08:ENG | ||
| 090 |
_c4891 _d4891 |
||
| 100 | 1 | _aLurie, Karen | |
| 245 | 1 |
_aCracking the GRE _cby Karen Lurie, Magda Pecsenye and Adam Robinson |
|
| 260 |
_aNew York _bRandom House, _c2008 |
||
| 300 |
_ax, 375 p _c27.5 cm (pbk) _e1 DVD |
||
| 700 | _aPecsenye, Magda | ||
| 700 | _aRobinson, Adam | ||
| 942 |
_adpl _cEN _k / LUR |
||
| 999 |
_c4799 _d4799 |
||